000 00582nam a2200229Ia 4500
003 OSt
005 20220924152448.0
006 a|||||r|||| 00| 0
007 ta
008 220923b |||||||| |||| 00| 0 mar d
024 _a342581
037 _cTextual
040 _aARTS
_cARTS
_bmar
041 _2mar
_amar
082 _aV2:51wM34, 155J8
100 _aGokhale Sabhajirao
_9226721
245 0 _aMardani jhanshivali
260 _c1958
650 _aHISTORY
942 _hV2:51wM34, 155J8
_cTEXL
_2CC
999 _c469886
_d469886